[Event "Landesliga Nord 1718"]
[Site "Bayern"]
[Date "2018.03.18"]
[Round "8.8"]
[White "Dechant, Georg"]
[Black "Opitz, Benjamin"]
[Result "1/2-1/2"]
[WhiteElo "2005"]
[BlackElo "1955"]
[PlyCount "41"]
[EventDate "2017.10.22"]
[EventType "team-tourn"]
[EventRounds "9"]
[EventCountry "GER"]
[SourceTitle "EXT 2022"]
[Source "ChessBase"]
[SourceDate "2021.10.06"]
[SourceVersion "1"]
[SourceVersionDate "2021.10.06"]
[SourceQuality "1"]
[WhiteTeam "Regensburg Bavaria"]
[BlackTeam "Bindlach Aktionaer II"]
[WhiteTeamCountry "GER"]
[BlackTeamCountry "GER"]

1. e4 c5 2. Nf3 g6 3. d4 cxd4 4. Nxd4 Nc6 5. Nc3 Bg7 6. Be3 Nf6 7. Be2 0-0 8. 0-0 d5 9. exd5 Nxd5 10. Nxd5 Nxd4 11. Bxd4 Qxd5 12. Bxg7 Qxd1 13. Raxd1 Kxg7 14. Rfe1 Be6 15. Bd3 Rac8 16. Re5 Rfd8 17. Rde1 Rd7 18. h3 Rcc7 19. a3 Kf8 20. R1e2 Bc4 21. Bxc4 1/2-1/2

[Event "Landesliga Nord 1617"]
[Site "Bayern"]
[Date "2016.11.20"]
[Round "2.8"]
[White "Birkmann, Guenther"]
[Black "Opitz, Benjamin"]
[Result "1/2-1/2"]
[WhiteElo "1939"]
[BlackElo "1949"]
[PlyCount "91"]
[EventDate "2016.10.16"]
[EventType "team-tourn"]
[EventRounds "9"]
[EventCountry "GER"]
[SourceTitle "EXT 2019"]
[Source "ChessBase"]
[SourceDate "2018.10.10"]
[SourceVersion "1"]
[SourceVersionDate "2018.10.10"]
[SourceQuality "1"]
[WhiteTeam "Zirndorf"]
[BlackTeam "Bindlach Aktionaer II"]
[WhiteTeamCountry "GER"]
[BlackTeamCountry "GER"]

1. Nf3 d5 2. d4 Nf6 3. c4 c6 4. cxd5 cxd5 5. Nc3 Nc6 6. Bf4 Bf5 7. e3 e6 8. Qb3 Bb4 9. a3 Qa5 10. Rc1 Bxc3+ 11. Rxc3 Ne4 12. Qxb7 0-0 13. b4 Nxb4 14. Qxb4 Qxb4 15. axb4 Nxc3 16. Nh4 a5 17. Nxf5 exf5 18. b5 a4 19. Bd3 a3 20. Kd2 g5 21. Bd6 Ne4+ 22. Bxe4 fxe4 23. Bxf8 Kxf8 24. Kc3 a2 25. Ra1 Ke7 26. Kb3 Ra5 27. Kb4 Ra8 28. Kc5 Ke6 29. Kc6 Rc8+ 30. Kb7 Rc2 31. b6 Rxf2 32. Ka7 Rxg2 33. b7 Rb2 34. b8Q Rxb8 35. Kxb8 f5 36. Rxa2 f4 37. h4 gxh4 38. exf4 Kf5 39. Kc7 Kxf4 40. Kd6 e3 41. Kxd5 Kf3 42. Ke5 h3 43. Rh2 Kg3 44. Re2 Kf3 45. Rh2 Kg3 46. Re2 1/2-1/2

[Event "Landesliga Nord 1314"]
[Site "Bayern"]
[Date "2013.10.13"]
[Round "1.7"]
[White "Opitz, Benjamin"]
[Black "Seidens, Udo"]
[Result "0-1"]
[WhiteElo "1967"]
[BlackElo "2232"]
[PlyCount "84"]
[EventDate "2013.10.13"]
[EventType "team"]
[EventRounds "9"]
[EventCountry "GER"]
[SourceTitle "EXT 2015"]
[Source "ChessBase"]
[SourceDate "2014.11.20"]
[SourceVersion "1"]
[SourceVersionDate "2014.11.20"]
[SourceQuality "1"]
[WhiteTeam "Bindlach II"]
[BlackTeam "Schweinfurt"]
[WhiteTeamCountry "GER"]
[BlackTeamCountry "GER"]

1. e4 g6 2. d4 Bg7 3. Nf3 d6 4. h3 Nd7 5. c3 c6 6. Bd3 Qc7 7. 0-0 e5 8. Be3 Ngf6 9. Nbd2 0-0 10. Qc2 Re8 11. dxe5 dxe5 12. Rad1 Nf8 13. Nc4 b5 14. Ncd2 Ne6 15. c4 b4 16. Nb3 c5 17. Ng5 Nd4 18. Nxd4 exd4 19. Bd2 h6 20. Nf3 Bb7 21. Rde1 Re6 22. Nh2 Rae8 23. f3 Nh5 24. Ng4 Ng3 25. Rf2 f5 26. Nh2 g5 27. Nf1 f4 28. Nxg3 fxg3 29. Rff1 Be5 30. Qc1 Rf8 31. h4 Bf4 32. Re2 Qe5 33. Rd1 gxh4 34. Bxf4 Rxf4 35. Ree1 Bc8 36. Kf1 Ref6 37. Ke2 h3 38. gxh3 Rxf3 39. Rf1 Rf2+ 40. Rxf2 Rxf2+ 41. Ke1 Qf6 42. Rd2 Bxh3 0-1

[Event "Landesliga Nord 1213"]
[Site "Bayern"]
[Date "2013.02.03"]
[Round "6.8"]
[White "Opitz, Benjamin"]
[Black "Meulner, Klaus"]
[Result "0-1"]
[WhiteElo "1824"]
[BlackElo "2113"]
[PlyCount "62"]
[EventDate "2012.10.14"]
[EventType "team-tourn"]
[EventRounds "9"]
[EventCountry "GER"]
[SourceTitle "EXT 2015"]
[Source "ChessBase"]
[SourceDate "2014.11.20"]
[SourceVersion "1"]
[SourceVersionDate "2014.11.20"]
[SourceQuality "1"]
[WhiteTeam "Bindlach II"]
[BlackTeam "Nuernberg Sued SW"]
[WhiteTeamCountry "GER"]
[BlackTeamCountry "GER"]

1. e4 e5 2. Nf3 Nc6 3. Bb5 a6 4. Ba4 Nf6 5. 0-0 b5 6. Bb3 Bb7 7. Re1 Bc5 8. c3 d6 9. d4 Bb6 10. Bg5 h6 11. Bh4 g5 12. Bg3 0-0 13. h4 g4 14. dxe5 Nxe5 15. Bxe5 dxe5 16. Nxe5 g3 17. Rf1 Qxd1 18. Rxd1 Nxe4 19. Nd7 gxf2+ 20. Kh2 Rfd8 21. Na3 Be3 22. g3 Nd2 23. Ne5 Nf3+ 24. Nxf3 Bxf3 25. Rxd8+ Rxd8 26. Nc2 Bc5 27. Nd4 Bxd4 28. cxd4 Be2 29. Kg2 f1Q+ 30. Rxf1 Bxf1+ 31. Kxf1 Rxd4 0-1

[Event "Oberfranken-ch U18 1213"]
[Site "Schney"]
[Date "2013.01.03"]
[Round "5"]
[White "Opitz, Benjamin"]
[Black "Greger, Matthias"]
[Result "0-1"]
[WhiteElo "1821"]
[BlackElo "1888"]
[PlyCount "82"]
[EventDate "2013.01.03"]
[EventType "tourn"]
[EventRounds "7"]
[EventCountry "GER"]
[SourceTitle "EXT 2015"]
[Source "ChessBase"]
[SourceDate "2014.11.20"]
[SourceVersion "1"]
[SourceVersionDate "2014.11.20"]
[SourceQuality "1"]

1. e4 e5 2. Nf3 d6 3. d4 exd4 4. Nxd4 Nf6 5. Nc3 Be7 6. Be2 0-0 7. 0-0 Nbd7 8. Nf5 Nc5 9. Nxe7+ Qxe7 10. f3 h6 11. Be3 b6 12. Bc4 Bb7 13. Qd2 Rae8 14. Rfe1 a5 15. Rad1 Rd8 16. a3 Ra8 17. Qf2 Rae8 18. Qh4 Nh7 19. Qg3 Qf6 20. h4 h5 21. Bd5 c6 22. Ba2 Rd8 23. Bf4 Ne6 24. Bxd6 Rfe8 25. e5 Qf4 26. Ne4 Qxg3 27. Nxg3 g6 28. Ne4 Rd7 29. Rd2 c5 30. c3 Red8 31. Bc4 Bc6 32. Kf2 Kg7 33. Ke3 Kg8 34. Red1 a4 35. Be2 Kh8 36. f4 Ng7 37. g4 Bxe4 38. Kxe4 hxg4 39. Ke3 f5 40. exf6 Nxf6 41. Bb5 Nf5+ 0-1

[Event "Landesliga Nord 1112"]
[Site "Bayern"]
[Date "2012.04.15"]
[Round "9.8"]
[White "Opitz, Benjamin"]
[Black "Gerl, Hans Peter"]
[Result "0-1"]
[WhiteElo "1893"]
[BlackElo "1950"]
[PlyCount "68"]
[EventDate "2011.10.02"]
[EventType "team-tourn"]
[EventRounds "9"]
[EventCountry "GER"]
[SourceTitle "EXT 2015"]
[Source "ChessBase"]
[SourceDate "2014.11.20"]
[SourceVersion "1"]
[SourceVersionDate "2014.11.20"]
[SourceQuality "1"]
[WhiteTeam "Bindlach II"]
[BlackTeam "Zirndorf"]
[WhiteTeamCountry "GER"]
[BlackTeamCountry "GER"]

1. e4 c5 2. c3 Nf6 3. e5 Nd5 4. Nf3 e6 5. d4 cxd4 6. cxd4 Nc6 7. Bc4 Nb6 8. Bd3 d6 9. 0-0 Be7 10. Nc3 Bd7 11. a3 Rc8 12. Qe2 d5 13. Be3 Na5 14. Nd2 a6 15. f4 g6 16. Rac1 Nbc4 17. Nxc4 Nxc4 18. Bf2 b5 19. g4 h5 20. f5 gxf5 21. gxf5 exf5 22. Nxd5 Rg8+ 23. Bg3 h4 24. Nxe7 Qxe7 25. Bxf5 hxg3 26. Qh5 gxh2+ 27. Kxh2 Rc6 28. e6 Qd6+ 29. Kh1 Qd5+ 30. Rf3 Bxe6 31. Re1 Rf8 32. Kg2 Nd2 33. Bxe6 Qxf3+ 34. Qxf3 Nxf3 0-1

[Event "Landesliga Nord 1112"]
[Site "Bayern"]
[Date "2011.10.02"]
[Round "1.8"]
[White "Lukas, Norbert"]
[Black "Opitz, Benjamin"]
[Result "1-0"]
[WhiteElo "2011"]
[BlackElo "2027"]
[PlyCount "79"]
[EventDate "2011.10.02"]
[EventType "team-tourn"]
[EventRounds "9"]
[EventCountry "GER"]
[SourceTitle "EXT 2013"]
[Source "ChessBase"]
[SourceDate "2012.11.22"]
[SourceVersion "1"]
[SourceVersionDate "2012.11.22"]
[SourceQuality "1"]
[WhiteTeam "Schweinfurt"]
[BlackTeam "Bindlach II"]
[WhiteTeamCountry "GER"]
[BlackTeamCountry "GER"]

1. e4 c5 2. Nf3 g6 3. d4 cxd4 4. Nxd4 Nc6 5. Nc3 Bg7 6. Be3 Nf6 7. Be2 0-0 8. 0-0 d6 9. Kh1 Ne8 10. Qd2 Nc7 11. Rad1 Bd7 12. f4 f5 13. Bc4+ Kh8 14. exf5 Bxf5 15. Nxf5 Rxf5 16. g4 Rf8 17. Nd5 b5 18. Nxc7 Qxc7 19. Bxb5 Qb7 20. Qd5 Na5 21. Qxb7 Nxb7 22. Bc6 Rfb8 23. Bd4 a5 24. Rfe1 Bxd4 25. Rxd4 Ra6 26. Bb5 Rb6 27. c4 e5 28. fxe5 dxe5 29. Rxe5 Nd6 30. a4 Rc8 31. Re7 Nxb5 32. axb5 Rf6 33. Re2 Rf1+ 34. Kg2 Rc1 35. b6 Rb8 36. g5 Kg8 37. Rde4 h6 38. Re8+ Rxe8 39. Rxe8+ Kf7 40. b7 1-0